MARC

LEADER 00000nab a2200000 a 4500
001 vtls000018859
003 SK-MaSNL
005 20260303191137.0
008 140701c1978 xo 0 slo
015 |a SNBRB19rr/mm-uuuuu 
035 |a CL0028953 
040 |a SNKBUCL  |b slo  |c SNKBUCL  |e AACR2 
041 0 |a slo 
044 |a xo  |c SK 
080 |a 82.09:894.511-3(087.5)(048)  |2 1981 
080 |a 894.511-3(087.5)(048)  |2 1981 
100 1 |a Žilková, Marta,  |d 1942-  |4 aut  |9 88073 
245 1 0 |a Lenka Szalayová: Priznaj sa, Katka  |c Marta Žilková ; Lenka Szalayová 
500 |a V rubrike Recenze. 
650 0 7 |a romány dievčenské  |2 snkbucl  |9 921108 
650 0 7 |a romány rodinné  |2 snkbucl  |9 921836 
650 0 7 |a Szalayová, Lenka  |2 snkbucl  |9 1220262 
650 0 7 |a literatúra pre deti a mládež  |2 snkbucl  |9 21893 
655 7 |a články z novín a časopisov  |2 snkbucl  |9 267496 
655 7 |a články z odboru literárna veda a krásna literatúra  |2 snkbucl  |9 770045 
700 1 |a Szalayová, Lenka  |4 aut  |9 1220263 
773 0 |t Zlatý máj  |g Roč. 22, č. 8 (1978), s. 575-576 
787 0 8 |i Rec.:  |a Szalayová, Lenka  |t Priznaj sa, Katka  |d Bratislava : Mladé letá, 1977 
850 |a Slovenská národná knižnica v Martine  |a MTA001 
852 |a SNK  |b KIS3GCP 
958 |a RK 
958 |a LX 
992 |a RBX 
999 |c 2139582  |d 2141512